000 00992nam0a2200313 4500
001 RU\NLR\bibl\1657809
005 20250616035910.0
010 _a978-5-699-40702-6
_94000
021 _aRU
_b2010-21639
_9291д/2010
035 _a(NLR Aleph) 001649107
090 _a910343
_c910343
100 _a20100723d2010 |||y0rusy50 ca
101 0 _arus
102 _aRU
105 _ay |||||||||
200 1 _aПоле боя - Тбилиси
_e[футуристический боевик]
_fГеоргий Савицкий
210 _aМосква
_cЯуза
_cЭксмо
_d2010
215 _a285, [1] с.
_d21
225 1 _aВойны завтрашнего дня
320 _aДр. работы авт. в аннот.
686 _aШ6(2=Р)8-445
700 1 _aСавицкий
_bГ.
_gГеоргий
_4070
801 0 _aRU
_bNLR
_c20100723
_gRCR
801 1 _aRU
_bNLR
_c20100723
830 _aавт. по кн.
942 _cBOOK
980 _aNB